Statistics for Taipei-Taoyuan Airport (TPE) Destinations

Click here to take the quiz!

General Stats

  • This quiz has been taken 394 times
    (219 since last reset)
  • The average score is 68 of 135

Answer Stats

HintAnswer% Correct
Air China, China Airlines, EVA Air, Hainan AirlinesBeijing-Capital
90%
China Airlines, EVA AirLos Angeles
90%
Peach, Tigerair TaiwanTokyo-Haneda
90%
All Nippon Airways, Cathay Pacific, China Airlines, EVA Air, Japan Airlines, Jetstar Japan, Peach, Scoot, Starlux Airlines, Tigerair TaiwanTokyo-Narita
90%
AirAsia X, Cathay Pacific, China Airlines, EVA Air, Japan Airlines, Jetstar Asia Airways, Jetstar Japan, Peach, Starlux Airlines, Tigerair TaiwanOsaka-Kansai
88%
Asiana Airlines, Cathay Pacific, China Airlines, Eastar Jet, EVA Air, Jeju Air, Jin Air, Korean Airlines, Scoot, Thai Airways, Tigerair Taiwan, UNI AirSeoul-Incheon
88%
Air New Zealand, China AirlinesAuckland
87%
Thai Lion Air, Tigerair TaiwanBangkok Don Mueang
87%
China Airlines, EVA Air, Starlux Airlines, Thai AirwaysBangkok Suvarnabhumi
87%
China Airlines, China Southern, EVA Air, Hainan AirlinesGuangzhou
87%
Cathay Pacific, China Airlines, EVA Air, Hong Kong AirlinesHong Kong
87%
AirAsia X, China Airlines, EVA Air, Malaysia Airlines, Malindo Air, Starlux AirlinesKuala Lumpur
87%
Cebu Pacific, China Airlines, EVA Air, Philippines AirAsia, Philippine AirlinesManila
87%
China Airlines, EVA Air, United AirlinesSan Francisco
87%
Air China, China Airlines, China Eastern, China Southern, EVA Air, Juneyao Airlines, Spring AirlinesShanghai-Pudong
87%
China Airlines, EVA AirNew York-JFK
86%
Air France, EVA AirParis Charles de Gaulle
86%
Air Busan, China Airlines, Eastar Jet, Jeju Air, Korean Air, Tigerair TaiwanBusan
85%
EmiratesDubai
85%
China AirlinesDelhi
84%
China Airlines, EVA Air, UNI Air, Vietjet, Vietnam AirlinesHo Chi Minh City
84%
Batik Air, China Airlines, EVA AirJakarta
84%
China AirlinesLondon-Gatwick
84%
EVA AirLondon-Heathrow
84%
EVA AirSeattle/Tacoma
84%
China Airlines, EVA Air, Jetstar Asia Airways, Scoot, Singapore AirlinesSingapore
84%
China Airlines, EVA Air, KLMAmsterdam
83%
Air China, China Airlines, EVA AirChengdu
82%
China Airlines, EVA Air, Peach, Malindo Air, ScootSapporo-Chitose
82%
Bamboo Airways, China Airlines, EVA Air, Vietjet, Vietnam AirlinesHanoi
81%
China AirlinesSydney
81%
Air Canada, China Airlines, EVA AirVancouver
81%
China AirlinesMelbourne
80%
Mandarin Airlines, Xiamen AirlinesXiamen
80%
Turkish AirlinesIstanbul-Ataturk
78%
China Airlines, China Southern, Shenzhen Airlines, UNI AirShenzhen
78%
China Airlines, EVA AirBrisbane
75%
EVA AirChicago O'hare
75%
China AirlinesFrankfurt
75%
EVA AirToronto-Pearson
75%
China Airlines, China Eastern, Hainan Airlines, UNI AirXi'an
75%
Air Macau, EVA Air, Starlux Airlines, Tigerair TaiwanMacau
74%
China Airlines, EVA Air, Philippines AirAsia, Tigerair TaiwanCebu
73%
Air China, China Airlines, EVA Air, UNI AirChongqing
73%
China Airlines, EVA AirDenpasar/Bali
73%
AirAsia X, China Airlines, EVA Air, Peach, Tigerair TaiwanNaha
73%
China AirlinesRome-Fiumicino
72%
EVA AirTianjin
72%
China Airlines, China Eastern, China SouthernWuhan
72%
Cathay Pacific, China Airlines, EVA Air, Japan Airlines, Jetstar Japan, Starflyer, Tigerair TaiwanNagoya
71%
China Eastern, Mandarin Airlines, UNI AirNanjing
69%
Easter Jet, Jeju Air, Tigerair TaiwanJeju
67%
China Airlines, EVA Air, Peach, Tigerair TaiwanFukuoka
66%
UNI Air, Xiamen AirlinesFuzhou
66%
Air China, EVA Air, Xiamen AirlinesHangzhou
66%
China Southern, EVA AirHarbin
66%
China AirlinesHonolulu
65%
EVA AirHouston
64%
China AirlinesYangon
63%
China Eastern, Sichuan AirlinesKunming
61%
EVA Air, Pacific Air, Starlux Airlines, Vietjet AirDa Nang
60%
China AirlinesHiroshima
60%
China Airlines, EVA Air, JC Intl AirPhnom Penh
60%
China Southern, Mandarin Airlines, Shenzhen Airlines, UNI AirShenyang
59%
Royal Brunei AirlinesBandar Seri Begawan
57%
China Airlines, China Eastern, Shandong Airlines, UNI AirQingdao
57%
China SouthernUrumqi
57%
China Southern, Hainan Airlines, UNI AirDalian
56%
EVA Air, Peach, Tigerair TaiwanSendai
50%
China Airlines, EVA AirVienna
50%
China Airlines, China Southern, Mandarin Airlines, Xiamen AirlinesChangsha
49%
China Airlines, Hainan AirlinesHaikou
49%
EVA Air, Thai AirAsiaChiang Mai
48%
China Southern, EVA Air, Mandarin AirlinesZhengzhou
47%
Air Busan, Tigerair Taiwan, T'way AirDaegu
46%
S7 AirlinesVladivostok
46%
China EasternHefei
45%
China Southern, Shenzhen AirlinesNanning
45%
China Eastern, Mandarin Airlines, UNI AirNingbo
45%
China AirlinesGuam
42%
Air ChinaWenzhou
42%
China Eastern, Hainan AirlinesLanzhou
40%
China Airlines, Starlux AirlinesPenang
36%
China AirlinesSanya
35%
EVA Air, Shandong AirlinesJinan
34%
Myanmar Airways IntlMandalay
34%
China AirlinesOntario (CA)
32%
China AirlinesKagoshima
31%
Hebei Airlines, Spring AirlinesShijiazhuang
31%
China Eastern, EVA AirTaiyuan
31%
China Airlines, China Eastern, Shenzhen Airlines, Tigerair TaiwanWuxi
31%
China SouthernChangchun
30%
Shandong AirlinesYantai
30%
AirAsia, Malaysia AirlinesKota Kinabalu
28%
China Airlines, China Eastern, Shenzhen AirlinesNanchang
28%
China Southern, EVA AirGuilin
25%
EVA AirHohhot
24%
China SouthernGuiyang
22%
Shenzhen Airlines, Xiamen AirlinesQuanzhou
21%
EVA AirAomori
20%
China AirlinesWeihai
20%
China AirlinesIshigaki
19%
StarflyerKitakyushu
19%
EVA Air, Tigerair TaiwanHakodate
16%
China Airlines, Philippine AirAsia, Tigerair TaiwanKalibo
16%
Tigerair TaiwanNiigata
16%
China EasternYinchuan
16%
China AirlinesKoror
15%
Tigerair TaiwanOkayama
15%
Vietjet AirCan Tho
14%
China AirlinesMiyazaki
14%
EVA Air, Tigerair TaiwanAsahikawa
13%
China EasternChangzhou
13%
Jeju AirMuan
13%
Shenzhen AirlinesNantong
13%
China Airlines, Spring AirlinesYangzhou
13%
Eastar Jet, Jeju AirCheongju
12%
EVA AirMatsuyama
12%
Fly GangwanYangyang
12%
Tigerair TaiwanSaga
11%
China SouthernJieyang
10%
China AirlinesShizuoka
10%
China AirlinesXuzhou
10%
China EasternHuai'an
9%
China Eastern, EVA AirHuangshan
8%
EVA Air, Tigerair TaiwanKomatsu
8%
China AirlinesTakamatsu
8%
Tigerair TaiwanHanamaki
7%
Tigerair TaiwanIbaraki
7%
China AirlinesToyama
7%
China EasternYancheng
7%
Tigerair TaiwanPuerto Princessa
6%
China SouthernZhangjiajie
6%
China SouthernYiwu
5%
China EasternLijiang
4%

Score Distribution

Percentile by Number Answered

Percent of People with Each Score

Your Score History

You have not taken this quiz since the last reset